Comunidades rurales: criterios y herramientas para su diagnóstico (Registro nro. 2710)
[ vista simple ]
| 000 -CABECERA | |
|---|---|
| campo de control de longitud fija | 00599aam a2200205 4500 |
| 005 - FECHA Y HORA DE ACTUALIZACIÓN | |
| campo de control | 20210505144853.0 |
| 008 - LONGITUD FIJA | |
| campo de control de longitud fija | 150421b xxu||||| |||| 00| 0 spa d |
| 041 ## - IDIOMA | |
| Código de idioma del texto/pista de sonido o título separado | |
| 082 ## - CLASIFICACIÓN DECIMAL DEWEY | |
| Número de clasificación | 307.72 B837c |
| 100 ## - AUTOR PERSONAL | |
| Nombre de persona | Brenes Castillo, Carlos |
| 245 ## - TÍTULO PROPIAMENTE DICHO | |
| Título | Comunidades rurales: criterios y herramientas para su diagnóstico |
| 260 ## - PIE DE IMPRENTA | |
| Lugar de publicación, distribución, etc. | Costa Rica |
| Nombre del editor, distribuidor, etc. | EUNED |
| Fecha de publicación, distribución, etc. | 2007 |
| 300 ## - DESCRIPCIÓN FÍSICA | |
| Extensión | 192 páginas |
| 650 ## - Materia General | |
| Materia general | COMUNIDADES RURALES |
| 650 ## - Materia General | |
| Materia general | DESARROLLO RURAL |
| 650 ## - Materia General | |
| Materia general | DIAGNÓSTICO |
| 650 ## - Materia General | |
| Materia general | CONTEXTO LOCAL |
| 650 ## - Materia General | |
| Materia general | GESTIÓN LOCAL |
| 942 ## - Punto de Acceso Adicional Koha | |
| Tipo de ítem Koha | Libro |
| Estado perdido | Estado dañado | No para préstamo | Biblioteca permanente | Biblioteca actual | Signatura completa | Precio efectivo a partir del | Tipo de ítem |
|---|---|---|---|---|---|---|---|
| Departamento de Biblioteca y Documentación Alfonso Chase Brenes | Departamento de Biblioteca y Documentación Alfonso Chase Brenes | 307.72 B837c | 30/09/2016 | Libro |